Countries with red on their flag - Statistics

General Stats
  • This quiz has been taken 496 times
    417 since last reset
  • The average score is 99 of 153
Answer Stats
Answer % Correct
United States
91%
China
89%
United Kingdom
87%
Canada
86%
Russia
86%
Australia
85%
Japan
84%
France
83%
North Korea
83%
South Korea
83%
Poland
82%
Indonesia
81%
Albania
80%
Denmark
79%
Germany
79%
Mexico
79%
Turkey
79%
Vietnam
78%
Austria
77%
Iran
77%
Italy
77%
Norway
77%
New Zealand
76%
Spain
76%
Belgium
75%
Egypt
75%
Romania
75%
Iraq
74%
Peru
74%
Yemen
74%
Morocco
73%
Andorra
72%
Colombia
72%
Monaco
72%
Netherlands
72%
Portugal
72%
Afghanistan
71%
Armenia
71%
Croatia
71%
Iceland
71%
South Africa
71%
Sudan
71%
Bahrain
70%
Chile
70%
Georgia
70%
Oman
70%
Slovakia
70%
Algeria
69%
Chad
69%
Dominican Republic
69%
Latvia
69%
Slovenia
69%
Switzerland
69%
Venezuela
69%
Angola
68%
Bulgaria
68%
Cuba
68%
Panama
68%
Serbia
68%
Thailand
68%
Azerbaijan
67%
Belarus
67%
Cambodia
67%
Hungary
67%
South Sudan
67%
Syria
67%
United Arab Emirates
67%
Bangladesh
66%
Democratic Republic of the Congo
66%
Ecuador
66%
Guinea
66%
Jordan
66%
Laos
66%
Mongolia
66%
Qatar
66%
Zambia
66%
Zimbabwe
66%
Dominica
65%
Ghana
65%
Haiti
65%
Kyrgyzstan
65%
Libya
65%
Lithuania
65%
Luxembourg
65%
Tunisia
65%
Fiji
64%
Malaysia
64%
Mali
64%
Bolivia
63%
Costa Rica
63%
Ethiopia
63%
Nepal
63%
Singapore
63%
Czechia
62%
Paraguay
62%
Senegal
62%
Liechtenstein
61%
North Macedonia
61%
Tajikistan
61%
Turkmenistan
61%
Kenya
60%
Lebanon
60%
Madagascar
60%
Moldova
60%
Montenegro
60%
Cameroon
59%
Eritrea
59%
Kuwait
59%
Republic of the Congo
59%
Tonga
59%
Antigua & Barbuda
58%
Benin
58%
Gambia
58%
Guyana
58%
Suriname
58%
Taiwan
58%
Togo
58%
Guinea-Bissau
57%
Mozambique
57%
Namibia
57%
Philippines
57%
Malta
56%
Myanmar
56%
Belize
55%
Mauritania
55%
Mauritius
55%
Uganda
55%
Burundi
54%
Liberia
54%
Maldives
54%
Papua New Guinea
54%
Seychelles
54%
Sri Lanka
54%
Kiribati
52%
Vanuatu
52%
Central African Republic
51%
Djibouti
51%
Equatorial Guinea
51%
Eswatini
51%
Comoros
50%
Uzbekistan
50%
Trinidad & Tobago
49%
Tuvalu
49%
East Timor
48%
Malawi
48%
Burkina Faso
47%
Cape Verde
46%
Samoa
46%
St. Kitts and Nevis
46%
Bhutan
45%
Grenada
44%
Vatican City
42%
Sao Tome & Principe
40%
No matching quizzes found
Score Distribution
Percent of People with Each Score
Percentile by Number Answered
Your Score History
You have not taken this quiz since the last reset